Thermodynamics for engineers /

Bibliographic Details
Main Author: Ewing, J. A. (James Alfred), 1855-1935
Format: Book
Language:English
Published: Cambridge [England] : University Press, 1936.
Edition:2d ed.
Subjects:

MARC

Tag First Indicator Second Indicator Subfields
LEADER 00000cam a2200000 4500
001 in00000037370
005 20151007074240.0
008 760818s1936 enka 00010 eng
010 |a  36018096  
035 |a (OCoLC)02382673 
035 |9 AAF1197AM 
040 |a DLC  |c YNG  |d TXA  |d UtOrBLW 
049 |a TXAM  |c [377194] 
050 0 |a TJ265  |b .E9 1936 
082 0 |a 621.101 
092 |a 621.101  |b E95t2 
100 1 |a Ewing, J. A.  |q (James Alfred),  |d 1855-1935. 
245 1 0 |a Thermodynamics for engineers /  |c by the late J. A. Ewing, K.C.B. 
250 |a 2d ed. 
264 1 |a Cambridge [England] :  |b University Press,  |c 1936. 
300 |a xv, 389 pages :  |b illustrations, diagrams (1 folded) ;  |c 23 cm. 
336 |a text  |b txt  |2 rdacontent 
337 |a unmediated  |b n  |2 rdamedia 
338 |a volume  |b nc  |2 rdacarrier 
650 0 |a Thermodynamics. 
999 |a MARS 
999 f f |s 77f9cfa2-2eaa-3173-a7c2-32093954cfc7  |i a40ad900-7d5b-3acb-b2c7-a992006c17bf  |t 0 
952 f f |p ric  |a Texas A&M University  |b Rellis Campus  |c Joint Library Facility  |d Remote Storage  |t 0  |e TJ265 .E9 1936  |h Library of Congress classification  |i unmediated -- volume  |m A14801033257 
998 f f |a TJ265 .E9 1936  |t 0  |l Remote Storage